Central Library OPAC University of Rajshahi

Chemical kinetics / (Record no. 40407)

MARC details
000 -LEADER
fixed length control field 00803nam a2200277 a 4500
001 - CONTROL NUMBER
control field 40407
003 - CONTROL NUMBER IDENTIFIER
rucl marc code BD-RjUL
005 - DATE AND TIME OF LATEST TRANSACTION
control field 20211209053215.0
008 - FIXED-LENGTH DATA ELEMENTS--GENERAL INFORMATION
fixed length control field 160430s1965 nyua b 001 0 eng
020 ## - INTERNATIONAL STANDARD BOOK NUMBER
International Standard Book Number 8129702681
035 ## - SYSTEM CONTROL NUMBER
System control number (BD-RjUL) 40522
System control number (BD-RjUL)
System control number (NNC)2647603
040 ## - CATALOGING SOURCE
Original cataloging agency DLC
Transcribing agency DLC
Modifying agency UKM
-- ZCU
-- BD-RjUL
Language of cataloging eng
041 ## - LANGUAGE CODE
Language code of text/sound track or separate title eng
082 00 - DEWEY DECIMAL CLASSIFICATION NUMBER
Classification number 541.394
Author mark and year LAC 1965
Edition number 23
100 1# - MAIN ENTRY--PERSONAL NAME
Personal name Laidler, Keith J.
Fuller form of name (Keith James),
Dates associated with a name 1916-2003.
9 (RLIN) 31615
245 00 - TITLE STATEMENT
Title Chemical kinetics /
Statement of responsibility, etc. Keith J. Laidler.
250 ## - EDITION STATEMENT
Edition statement 3rd ed., Low Price Ed.
260 ## - PUBLICATION, DISTRIBUTION, ETC. (IMPRINT)
Place of publication, distribution, etc. New York :
Name of publisher, distributor, etc. McGraw-Hill,
Date of publication, distribution, etc. c1965.
300 ## - PHYSICAL DESCRIPTION
Pagination xi, 530 p. :
Illustrations ill. ;
Size 23 cm.
504 ## - BIBLIOGRAPHY, ETC. NOTE
Bibliography, etc Bibliography: p. 542-547. and index.
650 #0 - SUBJECT ADDED ENTRY--TOPICAL TERM
Topical term or geographic name as entry element Chemical kinetics.
9 (RLIN) 70259
942 ## - ADDED ENTRY ELEMENTS (KOHA)
Source of classification or shelving scheme Dewey Decimal Classification
Koha item type Books
Holdings
Lost status Source of classification or shelving scheme Damaged status Not for loan Collection code Permanent Location Current Location Shelving location Date acquired Source of acquisition Cost, normal purchase price Total Checkouts Full call number Date last seen Date checked out Copy number Koha item type
  Dewey Decimal Classification     Non-fiction Central Library, University of Rajshahi Central Library, University of Rajshahi   25/08/1969 Zeitlinger 126.00 1 541.394 LAC 1965 05/11/2023 18/10/2023 C-2 Books